000 00296nam a22001337a 4500
008 170801b xxu||||| |||| 00| 0 eng d
020 _a9781568842226
041 _aeng
080 _a004
100 _a32
101 _aSHKA
245 _aTHE INTERNET FOR DUMMIES
_cLEVINE,J.R
942 _2udc
_cBK
999 _c22387
_d22387